logo

Bir Sreshtho Munshi Abdur Rouf Library
Jhenaidah Cadet College

In the light of Quran : (Record no. 11057)

MARC details
000 -LEADER
fixed length control field 00584nam a2200217 a 4500
001 - CONTROL NUMBER
JCCL Control Number 11057
003 - CONTROL NUMBER IDENTIFIER
JCCL marc code BD-JhCC
005 - DATE AND TIME OF LATEST TRANSACTION
control field 20210923134021.0
008 - FIXED-LENGTH DATA ELEMENTS--GENERAL INFORMATION
fixed length control field 190627s2018 bg |||| |||| 000 0 eng d
020 ## - INTERNATIONAL STANDARD BOOK NUMBER
International Standard Book Number 9789847764085
035 ## - SYSTEM CONTROL NUMBER
system control number (BD-JhCC)11057
040 ## - CATALOGING SOURCE
Original cataloging agency BD-JhCC
Modifying agency BD-JhCC
041 ## - LANGUAGE CODE
Language code of Book eng
082 ## - DEWEY DECIMAL CLASSIFICATION NUMBER
Classification number 297.1226
Author mark and Year ZAH 2018
100 ## - MAIN ENTRY--PERSONAL NAME
Personal name Zahir, M. A.
245 ## - TITLE STATEMENT
Title In the light of Quran :
Remainder of title the origin of life and human embryology /
Statement of responsibility, etc M. A. Zahir
260 ## - PUBLICATION, DISTRIBUTION, ETC. (IMPRINT)
Place of publication, distribution, etc Dhaka :
Name of publisher, distributor, etc Otiijjhya,
Date of publication, distribution, etc 2018.
300 ## - PHYSICAL DESCRIPTION
Pagination 292 p. :
Dimensions 22 cm.
650 ## - SUBJECT ADDED ENTRY--TOPICAL TERM
Topical term or geographic name as entry element AL Quran
Form subdivision Islam
942 ## - ADDED ENTRY ELEMENTS (KOHA)
Source of classification or shelving scheme Dewey Decimal Classification
Koha item type Books
Koha issues (borrowed), all copies 3
Holdings
Source of classification or shelving scheme Damaged status Not for loan Home library Current library Shelving location Date of accession Cost, normal purchase price Total Checkouts Total Renewals Full call number Barcode Date last seen Date checked out Copy number Koha item type
Dewey Decimal Classification     JCC Rouf Library JCC Rouf Library General Stacks 06/27/2019 500.00 6 1 297.1226 ZAH 2018 15123 11/09/2025 07/27/2025 C-1 Books

JCC Library | Contacts | JCC Home

Last Update on 23 September 2017
Copyright @ 2017-2020 JCC Rouf Library
Rouf Library, Jhenidah Cadet College (JCC), Bangladesh